Fascismos iberoamericanos.

Uloženo v:
Podrobná bibliografie
Hlavní autor: Grecco, Gabriela de Lima (editora)
Další autoři: Pereira Gonçalves, Leandro (Editor)
Médium: Neznámo
Jazyk:angličtina
Vydáno: Madrid, España: Alianza, 2022.
Témata:
Tagy: Přidat tag
Žádné tagy, Buďte první, kdo vytvoří štítek k tomuto záznamu!

MARC

LEADER 00000 a2200000 4500
003 CL-VaPUC
005 20220909120041.0
008 220902t2022 ||||| |||| 00| 0 eng d
999 |c 436378  |d 436376 
020 |a 978-84-1362-561-4 
040 |c Pontificia Universidad Católica de Valparaíso 
082 |2 22  |a 320.533 GRE 2022  
100 |a Grecco, Gabriela de Lima  |9 876218  |e editora 
245 |a Fascismos iberoamericanos. 
260 |a Madrid, España:  |b Alianza,  |c 2022. 
300 |a 463 páginas.  
583 |k Cristina María Rojas Aguilar  |c 20220902 
650 0 |9 255687  |a Fascismo  |y S.XX  |z América Latina  
650 0 |a Nazismo   |y S.XX   |z América Latina   |9 347078 
650 0 |9 338922  |a Movimientos políticos   |y S.XX   |z Iberoamérica 
700 |9 876220  |a Pereira Gonçalves, Leandro  |e editor 
942 |2 ddc  |c BK 
952 |0 0  |1 0  |2 ddc  |4 0  |6 320_533000000000000_GRE_2022  |7 0  |8 A  |9 586540  |a BIBHIS  |b BIBHIS  |c GEN  |d 2022-08-31  |e 3  |g 31410.00  |i 5654493  |l 2  |m 1  |o 320.533 GRE 2022  |p 5654493  |r 2025-01-20  |s 2024-05-28  |t 2  |v 31410.00  |w 2022-08-31  |y BK  |k HIS 
952 |0 0  |1 0  |2 ddc  |4 0  |6 320_533000000000000_GRE_2022  |7 0  |8 A  |9 586541  |a BIBHIS  |b BIBHIS  |c GEN  |d 2022-08-31  |e 3  |g 31410.00  |i 5654492  |l 3  |o 320.533 GRE 2022  |p 5654492  |r 2025-01-20  |s 2024-06-07  |t 1  |v 31410.00  |w 2022-08-31  |y BK  |k HIS